000 01067nam a2200301 i 4500
001 33528
003 BD-RjUL
005 20211209052026.0
008 140508s1979 fr b i000 0 eng d
020 _a9231015974 (pbk.)
035 _a(BD-RjUL)33619
040 _aDLC
_cDLC
_dDLC
_dBD-RjUL
_beng
041 _aeng
082 0 0 _a333.73
_219
_bUNT 1979
110 _aUnesco.
_9101749
245 0 0 _aTrends in research and in the application of science and technology for arid zone development /
260 _aParis :
_bUnesco ;
_aNew York :
_bdistributed by Unipub],
_c1979.
300 _a53 p. ;
_c27 cm.
500 _aReport commissioned by Unesco within the Man and the Biosphere (MAB) Programme.
504 _aBibliography: p. 51-53.
650 0 _aArid regions
_xResearch.
_9101744
650 0 _aDesert resources development.
_9101745
710 2 _aInternational Co-ordinating Council of the Programme on Man and the Biosphere.
_9101731
942 _2ddc
_cBK
999 _c33528
_d33528